Numerical analysis

Αποθηκεύτηκε σε:
Λεπτομέρειες βιβλιογραφικής εγγραφής
Κύριος συγγραφέας: Johnson, Lee W.
Άλλοι συγγραφείς: Riess, R. Dean (Ronald Dean) 1940-
Μορφή: Βιβλίο
Γλώσσα:English
Δημοσίευση: Reading, Mass. : Addison-Wesley Pub. Co., c1982
Έκδοση:2nd ed.
Θέματα:
Ετικέτες: Προσθήκη ετικέτας
Δεν υπάρχουν, Καταχωρήστε ετικέτα πρώτοι!

MARC

LEADER 00000cam a2200000 i 4500
001 1/27839
008 941103s1982 eng d
020 |a 0201103923 
035 |l 10037923 
040 |a GR-MY-UA  |b gre  |e aacr 
041 0 |a eng 
082 0 |a 519.4  |2 (19) 
100 1 |a Johnson, Lee W. 
245 1 0 |a Numerical analysis /  |c Lee W. Johnson, R. Dean Riess 
250 |a 2nd ed. 
260 |a Reading, Mass. :   |b Addison-Wesley Pub. Co.,   |c c1982 
300 |a xii, 563 p.;  |b ill.;  |c 24 cm 
500 |a Includes index 
504 |a Bibliography: p. 551-553 
650 0 0 |a Numerical analysis. 
700 1 |a Riess, R. Dean  |q (Ronald Dean)  |d 1940- 
852 |a INST  |b CHIOS  |e 19960322  |h 519.4 JOH  |p 005200004742  |q 005200004742  |t BK  |y 0 
852 |a INST  |b SAMOS  |e 19941103  |h 519.4 JOH  |p 005300001017  |q 005300001017  |t BK  |y 0 
909 |a Σ  |b 009552 
909 |a Χ  |b 003978